Every BFDI Season - Statistics

General Stats
  • This quiz has been taken 91 times
    21 since last reset
  • The average score is 11 of 17
Answer Stats
Hint Answer % Correct
Season 4 BFB
94%
Season 1 BFDI
94%
Season 2 BFDIA
94%
Season 3 IDFB
94%
Season 5 TPOT
94%
Comic Book Series Total Firey Island
88%
MIni Season 1 BFDI Mini
63%
Mini Season 6 BFDI Mini Replicas
56%
Mini Season 2 BFDI Mini Again
50%
Mini Season 3 BFDI Mini Deluxe
50%
Mini Season 7 BFDI Mini Natural
50%
Mini Season 4 BFDI Mini Seriously
50%
Mini Season 5 BFDI Mini Delicious
44%
Mini Season 9 BFDI Mini Redux
44%
Mini Season 8 BFDI Mini Resort
44%
Comic Book Series Total Firey Points
38%
Comic Book Series Total Firey Switch
38%
No matching quizzes found
Score Distribution
Percent of People with Each Score
Percentile by Number Answered
Your Score History
You have not taken this quiz since the last reset